000 00655cam a22002413a 4500
001 1014
003 PGUSA
005 20140828082955.0
008 970801s1997||||xxu|||||s|||||000 1 eng d
040 _aPGUSA
_beng
042 _adc
050 4 _aPS
100 1 _aBower, B. M.,
_d1874-1940
245 1 4 _aThe Lure of the Dim Trails
_h[electronic resource] /
_cB. M. Bower
260 _bProject Gutenberg,
_c1997
506 _aPublic domain in the USA.
516 _aElectronic text
653 _aCowboys -- Fiction
653 _aWestern stories
830 0 _aProject Gutenberg
_v1014
856 4 0 _uhttp://www.gutenberg.org/ebooks/1014
942 _cEB
999 _c230365
_d230365